04473cam a22017174i 4500003000900000005001700009008004100026020001500067020001800082035002700100040004300127050002100170082001900191100003500210245008800245264006700333300005500400336002100455337002500476338002300501505108100524526000901605526000901614526001001623526001001633526001001643526001001653526001001663526001001673526001001683526001001693526001001703526001001713526001001723526001001733526001001743526001001753526001001763526001001773526001001783526001001793526001001803526001001813526001001823526001001833526001001843526001001853526001001863526001001873526001001883526001001893526001001903526001001913526001001923526001001933526001001943526001001953526001001963526001001973526001001983526001001993526001002003526001002013526001002023526001002033526001002043526001002053526001002063526000902073526000902082526000902091526000902100526000902109526000902118526000902127526000902136526000902145526000902154526000902163526000902172526000902181526000902190526000902199526000902208526000902217526000902226526000902235526000902244526000902253526000902262526000902271526000902280526000902289526000902298526000902307526000902316526000902325526000902334526000902343526000902352526001002361526000902371526000902380526000902389526000902398526000902407526000902416526000902425526000802434526000802442526000802450526000802458526000802466526000802474526000802482526000802490526000802498526000802506526000802514526000802522526000802530526000802538526000902546526000802555526000802563526000802571526000802579526000802587526000902595526000802604526000802612526000802620526000802628526000802636526000902644526000802653526000802661526000902669526000802678526000802686526000802694526000802702541001602710650001202726650001702738PE-LiUPU20250813165638.0150625s2005 ag a r 000 0 spa d a9875671320 a9789875671324 a(Sirsi) i9789875671324 aPE-LiUPUbspacPE-LiUPUdPE-LiUPUerda 4aTX341b.L46 201004a612.3bL442211 aLeme de Vidal, Eunice,eautor.13aEl placer de comer bien :balimentos para prevenir y curar /cEunice Leme de Vidal. 1aBuenos Aires :bAsociación Casa Editora Sudamericana,c2005. a176 páginas :bilustraciones ;c27 centímetros atext2rdacontent aunmediated2rdamedia avolume2rdacarrier0 aDía a día con sabor: Los secretos de la buena alimentación -- Nutrientes: las funciones de cada uno -- Cómo preparar un menú saludable -- Recetas básicas -- Sistema nervioso: Depresión -- Insomnio -- Dolor de cabeza y jaquecas -- Epilepsia -- Estrés -- Sistema respiratorio -- Asma y bronquitis asmática -- Gripe y resfriados -- Sistema circulatorio: Enfermedades del corazón -- Mala circulación -- Hipertensión -- Anemia ferropénica -- Colesterol elevado -- Ácido úrico elevado (gota) -- Arterioesclerosis -- Várices de los miembros inferiores -- Sistema digestivo -- Acidez, gastritis y úlcera gastroduodenal -- Intestino perezoso (constipación, estreñimiento) -- Flatulencia (gases) -- Mal aliento -- Síndrome de colon irritable.-Sistema reproductor -- Tensión premenstrual y cólicos -- Menopausia -- Embarazo y amamantamiento -- Sistema inmunológico -- Alergias -- Herpes simples -- Rinitis alérgica -- Vale la pena saber: Acné -- Cálculos renales -- Osteoporosis -- Prevención del cáncer -- Obesidad -- Tabaquismo. aP203 aP200 aSEG65 aSEG64 aSEG63 aSEG62 aSEG61 aSEG60 aSEG59 aSEG58 aSEG57 aSEG56 aSEG55 aSEG54 aSEG53 aSEG52 aSEG51 aSEG50 aSEG49 aSEG48 aSEG47 aSEG46 aSEG24 aSEG23 aSEG22 aSEG21 aSEG20 aSEG19 aSEG18 aSEG17 aSEG16 aSEG14 aSEG13 aSEG12 aSEG11 aSEG10 aSEG09 aSEG06 aSEG05 aSEG04 aSEG03 aSEG02 aSEG68 aSEG66 aSEG45 aSEG25 aSEG01 aP163 aP162 aP161 aP160 aP159 aP158 aP157 aP156 aP155 aP154 aP153 aP152 aP151 aP150 aP149 aP142 aP141 aP140 aP139 aP138 aP137 aP132 aP131 aP130 aP126 aP125 aP124 aP123 aP115 aP122 aP121 aP116 a P114 aP112 aP111 aP104 aP103 aP102 aP101 aP100 aP96 aP95 aP93 aP92 aP91 aP88 aP83 aP82 aP79 aP78 aP75 aP74 aP71 aP69 a P51 aP49 aP48 aP47 aP33 aP31 a P30 aP29 aP27 aP26 aP25 aP24 a P22 aP10 aP09 a P08 aP06 aP05 aP04 aP01 g001-001252;04aDietas.04aNutrición.